Những kĩ năng về sử dụng ngôn ngữ trong truyền thông đại chúng

Một số thủ pháp về ngôn ngữ; Sự hấp dẫn của ngôn ngữ; các dặc điểm báo mạng điện tử...

Shranjeno v:
Bibliografske podrobnosti
Glavni avtor: Hoàng Anh (Tác giả)
Format: Knjiga
Jezik:Vietnamese
Izdano: H. Đại học quốc gia Hà Nội 2008
Teme:
Oznake: Označite
Brez oznak, prvi označite!
Thư viện lưu trữ: Mạng thư viện Đại học Đà Nẵng
LEADER 01306nam a2200361 4500
001 000008509
003 4699
005 20120329150344.0
008 111019s2008 viesd
020 |c 27000đ 
041 0 |a vie 
082 |a 070.4  |b HO-A 
100 0 |a Hoàng Anh  |e Tác giả 
245 0 |a Những kĩ năng về sử dụng ngôn ngữ trong truyền thông đại chúng  |c Hoàng Anh 
260 |a H.  |b Đại học quốc gia Hà Nội  |c 2008 
300 |a 219tr  |c 21cm 
500 |a Đầu trang sách ghi: Học viện báo chí và tuyên truyền 
520 |a Một số thủ pháp về ngôn ngữ; Sự hấp dẫn của ngôn ngữ; các dặc điểm báo mạng điện tử... 
653 |a Kĩ năng 
653 |a Sử dụng 
653 |a Ngôn ngữ 
653 |a Truyền thông 
910 |a Thương  |d 19/10/2011 
OWN |a LSP 
AVA |a UDN50  |b LSP  |d 070.4 HO-A  |e check_holdings  |t Error 5003 Not defined in file expand_doc_bib_avail.  |h N  |k 1 
999 |a From the UDN01 
AVA |a UDN50  |b LSP  |d 070.4 HO-A  |e available  |t Error 5001 Not defined in file expand_doc_bib_avail.  |f 30  |g 0  |h N  |i 2  |k 1 
TYP |a Monograph 
TYP |a Printed language 
980 |a Mạng thư viện Đại học Đà Nẵng